Development land overage and clawback (Record no. 106697)
[ view plain ]
| 000 -LEADER | |
|---|---|
| fixed length control field | 01474cam a22003135a 4500 |
| 001 - CONTROL NUMBER | |
| control field | L137226 |
| 008 - FIXED-LENGTH DATA ELEMENTS--GENERAL INFORMATION | |
| fixed length control field | 070323s2007 xxk f 001 0 eng d |
| 020 ## - INTERNATIONAL STANDARD BOOK NUMBER | |
| International Standard Book Number | 9781846610554 |
| 035 ## - SYSTEM CONTROL NUMBER | |
| System control number | (Sirsi) u137226 |
| 041 0# - LANGUAGE CODE | |
| Language code of text/sound track or separate title | eng |
| 050 04 - LIBRARY OF CONGRESS CALL NUMBER | |
| Classification number | 333.3234 $2 18 |
| 100 1# - MAIN ENTRY--PERSONAL NAME | |
| Personal name | Jessel, Christopher |
| 245 00 - TITLE STATEMENT | |
| Title | Development land overage and clawback |
| 250 ## - EDITION STATEMENT | |
| Edition statement | 2nd ed. |
| 260 ## - PUBLICATION, DISTRIBUTION, ETC. | |
| Place of publication, distribution, etc. | Bristol |
| Name of publisher, distributor, etc. | Jordans |
| Date of publication, distribution, etc. | 2007 |
| 300 ## - PHYSICAL DESCRIPTION | |
| Extent | xxxiii, 292p. |
| Dimensions | 26cm. |
| 350 ## - PRICE (NR) (BK AM CF MU VM SE) [OBSOLETE] | |
| Price | 90 |
| 505 2# - FORMATTED CONTENTS NOTE | |
| Formatted contents note | Purpose and origins -- Promise to pay and assignment -- Positive covenants -- Restrictive covenants -- Mortgages and charges -- Ransoms -- Landlord and tenant -- Options -- Vehicles -- Government clawback and tax -- Negotiation and drafting -- The future -- Worked examples -- Precedents and drafting |
| 520 ## - SUMMARY, ETC. | |
| Summary, etc. | Details the methods that may be used to achieve overage and clawback and considers how to ascertain the trigger event for payment, how to calculate the amount of any payment, and how to enforce payment obligations. Takes account of the Land Registration Act 2002, the introduction of Stamp Duty Land Tax, the Companies Act 2006 and the Charities Act 2006. |
| 520 ## - SUMMARY, ETC. | |
| Summary, etc. | Supersedes first edition (ISBN 0853086699). |
| 590 ## - LOCAL NOTE (RLIN) | |
| Local note | KA |
| 650 24 - SUBJECT ADDED ENTRY--TOPICAL TERM | |
| Topical term or geographic name entry element | LAND REGISTRATION ACT 2002 |
| 650 24 - SUBJECT ADDED ENTRY--TOPICAL TERM | |
| Topical term or geographic name entry element | STAMP DUTY LAND TAX |
| 650 24 - SUBJECT ADDED ENTRY--TOPICAL TERM | |
| Topical term or geographic name entry element | COMPANIES ACT 2006 |
| 650 24 - SUBJECT ADDED ENTRY--TOPICAL TERM | |
| Topical term or geographic name entry element | CHARITIES ACT 2006 |
| 651 #4 - SUBJECT ADDED ENTRY--GEOGRAPHIC NAME | |
| Geographic name | England and Wales |
| Chronological subdivision | 1543- |
| 690 ## - LOCAL SUBJECT ADDED ENTRY--TOPICAL TERM (OCLC, RLIN) | |
| Topical term or geographic name as entry element | PROPERTY-PROPERTY DEVELOPMENT |
| 942 ## - ADDED ENTRY ELEMENTS (KOHA) | |
| Suppress in OPAC | 0 |
| Withdrawn status | Lost status | Source of classification or shelving scheme | Damaged status | Not for loan | Home library | Current library | Shelving location | Date acquired | Cost, normal purchase price | Total Checkouts | Full call number | Barcode | Date last seen | Date last checked out | Copy number | Cost, replacement price | Price effective from | Koha item type |
|---|---|---|---|---|---|---|---|---|---|---|---|---|---|---|---|---|---|---|
| Dewey Decimal Classification | London | London | Books | 04/04/2007 | 90.00 | 8 | 333.3234 JES | 30071633 | 06/08/2019 | 04/06/2009 | 1 | 90.00 | 06/08/2019 | Book |